Statistics for 3 Olympics, Same Event, 3 Gold Medals

Click here to take the quiz!

General Stats

  • This quiz has been taken 90 times
  • The average score is 18 of 23

Answer Stats

personeventyearscountry% Correct
Usain BoltAthletics - 100m2008-2016Jamaica
99%
Carl LewisAthletics - long jump1984-1996United States
99%
Ben AinslieSailing - finn2004-2012Great Britain
96%
Ralf SchumannShooting - 25m rapid pistol1988-2008Germany
95%
Ryoko TaniJudo - 48kg1992-2008Japan
94%
Alexander KarelinWrestling - greco-roman 130kg1988-2000Russia
93%
Viktor SaneyevAthletics - triple jump1968-1980Soviet Union
90%
Gert FredrikssonCanoeing - K-1 1000m1948-1960Sweden
90%
Dawn FraserSwimming - 100m freestyle1956-1964Australia
88%
Pertti KarppinenRowing - single sculls1976-1984Finland
88%
Klaus DibiasiDiving - 10m platform1964-1976Italy
85%
Robert KorzeniowskiAthletics - 50km walk1996-2004Poland
85%
Krisztina EgerszegiSwimming - 200m backstroke1988-1996Hungary
83%
Jin Jong-ohShooting - 50m pistol2004-2016South Korea
81%
Paul ElvstrømSailing - finn1952-1960Denmark
80%
Jan ŽeleznýAthletics - javelin1988-2000Czechia
77%
Pyrros DimasWeightlifting - 85kg1992-2004Greece
75%
Anky van GrunsvenEquestrian - indiv dressage1996-2008Netherlands
74%
Tony EstanguetCanoeing - slalom C-12000-2012France
69%
Halil MutluWeightlifting - 54/56kg1996-2004Turkey
65%
Félix SavónBoxing - heavyweight1992-2000Cuba
63%
Peter HochschornerCanoeing - slalom C-22000-2012Slovakia
47%
Artur TaymazovWrestling - freestyle 120kg2000-2012Uzbekistan
32%

Score Distribution

Percentile by Number Answered

Percent of People with Each Score

Your Score History

You have not taken this quiz